[Event "IECG QN.2001.0.00171"]
[Site "IECG email"]
[Date "2001.03.19"]
[Round "?"]
[White "Petrie, Douglas"]
[Black "Trubee, Todd"]
[Result "1-0"]
[WhiteElo "933"]
[BlackElo "800"]
[PlyCount "33"]
[EventDate "2001.03.19"]
[EventType "tourn (corr)"]
[EventRounds "6"]
[SourceTitle "Corr 2008"]
[Source "ChessBase"]
[SourceDate "2008.06.24"]
[SourceVersion "1"]
[SourceVersionDate "2008.06.24"]
[SourceQuality "1"]

1. d4 Nf6 2. c4 g6 3. Nc3 Bg7 4. e4 d6 5. Be2 c6 6. Nf3 0-0 7. 0-0 Nbd7 8. Bg5 h6 9. Bf4 Re8 10. Qd2 Nb6 11. Bxh6 Bh8 12. Rad1 Ng4 13. Bf4 Be6 14. b3 Bf6 15. h3 g5 16. Bxg5 Nd7 17. hxg4 1-0

[Event "IECG QN.2001.0.00171"]
[Site "IECG email"]
[Date "2001.03.19"]
[Round "?"]
[White "Trubee, Todd"]
[Black "Oezdemir, Galip"]
[Result "0-1"]
[WhiteElo "800"]
[BlackElo "978"]
[PlyCount "48"]
[EventDate "2001.03.19"]
[EventType "tourn (corr)"]
[EventRounds "6"]
[SourceTitle "Corr 2008"]
[Source "ChessBase"]
[SourceDate "2008.06.24"]
[SourceVersion "1"]
[SourceVersionDate "2008.06.24"]
[SourceQuality "1"]

1. e4 e5 2. Nf3 Nf6 3. d3 Nc6 4. a3 d5 5. Qe2 Bg4 6. Bg5 Nd4 7. Qd2 Bxf3 8. c3 Nb3 9. Qe3 Bxg2 10. Bxg2 Nxa1 11. 0-0 d4 12. cxd4 Nc2 13. Qg3 Nxd4 14. Nc3 Bd6 15. Re1 h6 16. Bxf6 Qxf6 17. Nd5 Qg6 18. Rc1 Ne2+ 19. Kf1 Nxg3+ 20. fxg3 c6 21. Ne3 Qg5 22. Re1 g6 23. Bh3 0-0 24. Kg2 f5 0-1